[Event "Rohde op 12th"]
[Site "Sautron"]
[Date "2012.11.??"]
[Round "4"]
[White "Bedouin, Xavier"]
[Black "Le Quang, Kim"]
[Result "1/2-1/2"]
[WhiteElo "2414"]
[BlackElo "2284"]
[PlyCount "83"]
[EventDate "2012.10.27"]
[EventType "swiss"]
[EventRounds "9"]
[EventCountry "FRA"]
[SourceTitle "EXT 2014"]
[Source "ChessBase"]
[SourceDate "2013.11.20"]
[SourceVersion "1"]
[SourceVersionDate "2013.11.20"]
[SourceQuality "1"]

1. e4 c5 2. c3 Nf6 3. e5 Nd5 4. d4 cxd4 5. cxd4 e6 6. Nc3 Nxc3 7. bxc3 d6 8. f4 dxe5 9. fxe5 Qh4+ 10. Ke2 Nc6 11. Nf3 Qh5 12. Kf2 f6 13. exf6 gxf6 14. Rb1 Bd6 15. Bd3 Rg8 16. Be3 Ne7 17. g3 Nf5 18. Qd2 Rg4 19. Rbe1 Bd7 20. Bg5 0-0-0 21. Bxf5 exf5 22. Bxf6 Bc6 23. Qe3 Re8 24. Be5 Bxe5 25. Nxe5 Bxh1 26. Rxh1 Re4 27. Qd3 Kb8 28. h4 Rd8 29. Qb5 Ka8 30. Rb1 Rb8 31. Nd7 Qh6 32. Qd3 Rbe8 33. Ne5 Qd6 34. Qb5 Re7 35. Qc4 a6 36. Qb3 Ka7 37. Qc2 Rxd4 38. cxd4 Qxd4+ 39. Kg2 Rxe5 40. Rf1 Qd5+ 41. Kh3 Qe6 42. Rf4 1/2-1/2

[Event "Rohde op 12th"]
[Site "Sautron"]
[Date "2012.11.??"]
[Round "7"]
[White "Bedouin, Xavier"]
[Black "Lebreton, Flavien"]
[Result "1-0"]
[WhiteElo "2414"]
[BlackElo "2023"]
[PlyCount "61"]
[EventDate "2012.10.27"]
[EventType "swiss"]
[EventRounds "9"]
[EventCountry "FRA"]
[SourceTitle "EXT 2014"]
[Source "ChessBase"]
[SourceDate "2013.11.20"]
[SourceVersion "1"]
[SourceVersionDate "2013.11.20"]
[SourceQuality "1"]

1. c4 e5 2. Nc3 Nf6 3. Nf3 Nc6 4. e3 d5 5. cxd5 Nxd5 6. Bb5 Nxc3 7. bxc3 Bd7 8. d4 e4 9. Bxc6 Bxc6 10. Ne5 Qf6 11. 0-0 Be7 12. c4 0-0 13. Bb2 Rfd8 14. Qc2 Qd6 15. d5 Be8 16. Qxe4 f6 17. Nf3 Bg6 18. Qd4 Qb6 19. Rfd1 Bc5 20. Qd2 Qa6 21. Bd4 Bf8 22. Qc3 b5 23. cxb5 Qxb5 24. Qxc7 Qxd5 25. Rac1 Kh8 26. Nd2 Bd6 27. Qc6 Qh5 28. h3 Bf7 29. Qf3 Qg6 30. Qg4 Qd3 31. Ne4 1-0